| 000 | 01231cam a2200337 a 4500 | ||
|---|---|---|---|
| 001 | 14739113 | ||
| 003 | ARRUPE | ||
| 005 | 20131202145653.0 | ||
| 008 | 070220s2007 inua b s001 0 eng | ||
| 010 | _a 2007007274 | ||
| 020 | _a9780253349347 (cloth : alk. paper) | ||
| 020 | _a0253349346 (cloth : alk. paper) | ||
| 035 | _a(OCoLC)ocm85484960 | ||
| 035 | _a(OCoLC)85484960 | ||
| 040 |
_aDLC _cDLC _dDLC |
||
| 050 | 0 | 0 |
_aBL51 _b.S64 2007 |
| 082 | 0 | 0 |
_a204/.22 _222 |
| 100 | 1 |
_aSteinbock, Anthony J. _94575 |
|
| 245 | 1 | 0 |
_aPhenomenology and mysticism : _bthe verticality of religious experience / _cAnthony J. Steinbock. |
| 260 |
_aBloomington : _bIndiana University Press, _cc2007. |
||
| 300 |
_ax, 309 p. : _bill. ; _c25 cm. |
||
| 440 | 0 |
_aIndiana series in the philosophy of religion _94576 |
|
| 504 | _aIncludes bibliographical references (p. 285-301) and index. | ||
| 650 | 0 |
_aPhilosophy and religion. _94577 |
|
| 650 | 0 |
_aPhenomenology. _94578 |
|
| 650 | 0 |
_aMysticism. _94579 |
|
| 650 | 0 |
_aExperience (Religion) _94580 |
|
| 906 |
_a7 _bcbc _corignew _d1 _eecip _f20 _gy-gencatlg |
||
| 942 |
_2lcc _cMONOGRAPH |
||
| 999 |
_c118895 _d118895 |
||